000
00329nam a2200133Ia 4500
008
150301s2015 xx 000 0 und d
082
_a
615.4
_b
C12P
100
_a
G. PARTHASARATHI
245
2
_a
A TB OF CLINICAL PHARMACY PRACTICAL
260
_b
UNIVERSITY PRESS
300
_a
580
650
_a
PHARMACEUTICS
942
_2
ddc
_c
BK
_0
6
999
_c
7205
_d
7205